000 00248nam a22000977a 4500
008 250912b |||||||| |||| 00| 0 eng d
020 _a9781421554952
100 _aKishimoto Masashi
_97689
245 _aNaruto-19,20,21
260 _aCnanda
_bOmnibus
_c2024
999 _c12822
_d12822